000 01057nam a2200217Ia 4500
003 Ost
005 20260507075631.0
008 260507s9999||||xx |||||||||||||| ||und||
020 _a9770093033
040 _cfsecg
041 _aara
082 _a658.8
100 _aعيد، يحي
_eمؤلف
245 0 _aبحوث التسويق والتصدير /
_c يحي عيد
260 _aالقاهرة:
_bدار المعارف,
_c2002
300 _a377 صفحة؛
_c24 سم
504 _aالمراجع ص.361
520 _aأساسيات بحوث التسويق ،أنواع البحوث التسويقية ،تصميم قوائم الإستقصاء والملاحظة ، العينات ،وسائل جمع البيانات الميدانية ،فعالية وسائل جمع البيانات الميدانية ، محددات فعالية الإستقصاء البريدي ،بحوث التسويق الخارجي ، تحليل البيانات كتابة التقارير والبحوث
653 _aالتسويق-البحوث
942 _cكتاب
999 _c45214
_d45214